000 00855nam a2200229Ii 4500
003 JO-AjNU
008 230605s9999||||xx |||||||||||||| ||und||
017 _a2008/1/248
020 _a978-9957-07-568-2
040 _aJO-AjNU
_bara
_erda
_cJO-AjNU
041 _aara
050 1 4 _aLC3969.K434 2011
100 3 _aالخطيب،جمال محمد مؤلف/الحديدي،منى صبحي م.مشارك,
_eauthor
_931480
245 0 0 _aمناهج وأساليب التدريس في التربية الخاصة
250 _aط2
264 3 1 _aعمان:دار الفكر،2011
300 _a320ص
336 _atext
_btxt
_2rdacontent
337 _aunmediated
_bn
_2rdamedia
338 _avolume
_bnc
_2rdacarrier
650 4 _aالمعوقون-تعليم. التربية الخاصة-مناهج. التربية الخاصة-طرق التدريس
_931481
999 _aA12596
_c16164
_d16164